000 01963cam a22004454i 4500
003 PE-LiUPU
005 20250731165430.0
008 160217s1997 pe grm 000 0 spa d
035 _a(Sirsi) a156178
040 _aPE-LiUPU
_bspa
_cPE-LiUPU
_erda
099 _aTE 2
_bM25 1997
100 1 _aMaquera Sosa, Nélida Gladys
_eautor
245 1 _aBúsqueda tabú adaptativa para el problema de agrupamiento capacitado /
_cNélida Gladys Maquera Sosa.
264 0 _c1997.
300 _a66 hojas
_c30 cm
336 _atext
_2rdacontent
337 _aunmediated
_2rdamedia
338 _avolume
_2rdacarrier
502 _aTesis
_b(Lic.) --
_cUniversidad Peruana Unión,
_d1997.
504 _aIncluye referencias
520 3 _aLas técnicas de agrupamientos son aplicadas con diferentes finalidades y necesarias en muchos campos de la ciencia. En el problema de agrupamiento capacitado (PAC) son dados objetos que poseen un peso asociado que deben ser particionados en agrupamientos con capacidades limitadas. Se presenta una heurística constructiva basada en los pesos y distancias de los objetos; una heurística de mejoría que realiza inserciones y permutaciones de objetos y una aplicación de búsqueda tabú (BT) simple. Además de eso es aplicado un mecanismo de estudio de horizonte arbitrario (HTA) basado en BT que integra las fases de intensificación y diversificación durante la búsqueda.
526 _aSEG44
526 _aSEG26
526 _aP151
526 _aP150
526 _aP149
526 _aP146
526 _aP145
526 _aP126
526 _aP125
526 _aP92
526 _aP75
526 _aP74
526 _aP27
526 _aP15
650 0 4 _aConocimiento
_xRepresentación(Informática)
596 _a1
942 _2ddc
_cTESIS
999 _aTE 2 M25 1997
_wALPHANUM
_c8857
_iT00166
_lCCODEBUL3
_mBUL
_r1
_sY
_tTESIS
_u2016-2-17
_xEDUCACION
_PP15
_o.STAFF. Tesis
_d8857
980 _81
_gALBERTO SANCHEZ Responsable de Automatización